[Event "66th HUN-ch Women 2018"]
[Site "Budapest"]
[Date "2018.12.03"]
[Round "1"]
[White "Terbe, Julianna"]
[Black "Terbe, Zsuzsanna"]
[Result "1/2-1/2"]
[WhiteElo "2272"]
[BlackElo "2180"]
[Annotator "TA"]
[PlyCount "70"]
[EventDate "2018.12.03"]
[EventType "tourn"]
[EventCountry "HUN"]
[SourceTitle "playchess.com"]
[Source "ChessBase"]
[SourceQuality "1"]

{[%evp 41,70,0,0,0,9,9,0,0,0,0,0,0,0,0,2,8,8,0,0,0,0,0,0,0,0,0,0,0,0,0,0]} 1. d4 d5 2. c4 c6 3. cxd5 cxd5 4. Nc3 Nf6 5. Nf3 Nc6 6. Bf4 Bf5 7. e3 e6 8. Bd3 Bxd3 9. Qxd3 Bd6 10. Bxd6 Qxd6 11. O-O O-O 12. Rfc1 a6 13. a3 Rfc8 14. h3 h6 15. Rc2 Rc7 16. Rac1 Rac8 17. Ne2 {D14: Slav Defence: Exchange variation with ...Bf5} (17. Nd2 Na5 18. Ne2 Rxc2 19. Rxc2 Rxc2 20. Qxc2 Qc6 21. Qxc6 Nxc6 22. Nc3 Kf8 23. Kf1 Ke7 24. Ke2 Kd6 {½-½ (42) Dreev,A (2667)-Mamedyarov,S (2743) Dubai 2014}) 17... Ne7 18. Rxc7 Rxc7 19. Rxc7 Qxc7 20. Qc3 Qxc3 21. Nxc3 $11 {[%mdl 4096] Endgame KNN-KNN} Nc6 {LiveBook: 19 Games. The position is equal.} 22. Kf1 Kf8 23. Ke2 Ke7 24. Kd3 Kd6 25. Nd2 Nd7 26. Na4 (26. e4 {seems wilder.} dxe4+ 27. Ndxe4+ Kc7 28. d5 Nde5+ 29. Ke3) 26... Kc7 $146 ({Predecessor:} 26... b5 27. Nc3 Nb6 28. b3 Nd7 29. f4 f5 30. b4 Nb6 31. Nb3 {½-½ (31) Tesla,M (2120)-Rosandic,D (2287) Bol 2014}) 27. Kc3 Nb6 28. Nxb6 Kxb6 {KN-KN} 29. Nb3 Na5 30. Nxa5 Kxa5 {KP-KP} 31. b3 Kb6 32. f4 f5 33. g3 Kc6 34. h4 h5 35. b4 b5 (35... Kb5 $5) 1/2-1/2

[Event "66th HUN-ch Women 2018"]
[Site "Budapest"]
[Date "2018.12.03"]
[Round "1"]
[White "Havanecz, Bianka"]
[Black "Varga, Klara"]
[Result "1-0"]
[WhiteElo "2247"]
[BlackElo "2242"]
[Annotator "TA"]
[PlyCount "133"]
[EventDate "2018.12.03"]
[EventType "tourn"]
[EventCountry "HUN"]
[SourceTitle "playchess.com"]
[Source "ChessBase"]
[SourceQuality "1"]

{[%evp 16,133,0,-1,19,0,26,-14,-10,-12,-14,-41,2,-3,38,14,20,17,58,56,102,104,222,39,37,39,25,29,32,12,23,0,0,0,0,9,7,7,10,3,28,28,28,16,105,105,111,97,97,54,105,89,229,219,227,217,225,103,105,90,220,220,278,272,420,265,265,265,258,258,278,278,302,275,370,351,328,335,718,727,704,702,612,662,641,600,1104,999,1210,1361,1231,1127,2069,1823,2016,1919,7136,6452,6079,5870,29953,29958,12795,2355,12795,12795,6095,5726,5081,4141,5220,5102,29979,29980,29990,29989,29992,29993,29994,29995]} 1. d4 Nf6 2. c4 e6 3. g3 d5 4. Nf3 dxc4 5. Bg2 Bd7 6. Ne5 Bc6 {E04: Open Catalan: 5 Nf3} 7. Nxc6 Nxc6 8. Bxc6+ (8. e3 Qd7 9. O-O Rd8 10. Qe2 e5 11. Rd1 Be7 12. d5 Nb4 13. Qxc4 Nbxd5 14. Nc3 c6 15. e4 Qg4 16. h3 Nb6 17. Rxd8+ Bxd8 {½-½ (17) Paravyan,D (2629)-Grachev,B (2626) Sochi 2018}) 8... bxc6 9. O-O {LiveBook: 7 Games} Be7 10. Qa4 O-O 11. Qxc4 Qd5 12. Nd2 a5 $146 ({Predecessor:} 12... Rfd8 13. e3 c5 14. dxc5 Bxc5 15. Qxd5 Rxd5 {0-1 (40) Yevseev,D (2515)-Lugovskoy,M (2435) Jurmala 2015}) 13. Qc2 a4 14. Nf3 Ne4 15. Be3 Rfb8 16. Rfc1 Rb6 17. Ne5 {[%cal Re5c6]} Raa6 18. f3 Bg5 {[#]} (18... Nd6 $16 {might work better.}) 19. Nc4 $2 (19. Bxg5 $1 $18 Nxg5 20. Nc4) 19... Nd6 $14 20. Bxg5 Nxc4 21. Qxc4 Qxg5 22. Qd3 Ra5 23. Rc2 (23. b4 {is more complex.} axb3 24. axb3 Rba6 25. Rab1 Ra2 26. Kf2) 23... Rab5 24. b3 axb3 25. axb3 g6 26. Rc3 h5 27. Kg2 h4 28. Ra8+ Kg7 29. Rc5 h3+ (29... Qf6 $11 {remains equal.}) 30. Kxh3 $16 Qh6+ 31. Kg2 Rxb3 32. Rc3 R3b5 ({Black should play} 32... Rb2 $14) 33. Qe4 $40 {[%mdl 128] aiming for Rc5. White goes for the king.} Rh5 (33... Rd5 $16) 34. h4 $18 Qd2 35. Rc5 {Threatening mate with Rxh5.} Rb5 36. Rxh5 (36. Rxc6 $18 {is the precise move to win.} Rb2 37. Kf2 (37. Rxc7 Qxe2+ 38. Qxe2 Rxe2+ 39. Kh3 Re3 $16)) 36... Rxh5 {[%mdl 4096] Endgame KQR-KQR} 37. Rc8 c5 (37... Rd5 $16 {was called for.}) 38. Rxc7 Qxd4 39. Qxe6 $1 Rf5 (39... Qf6 $142 40. Qe8 Rh8) 40. Qe7 Qe5 {[#]} 41. Qxe5+ $1 Rxe5 {KR-KR} 42. e4 Kf6 43. Kf2 Ke6 44. Ke3 f6 45. Rc6+ Kf7 46. g4 g5 $2 (46... c4 47. Rxc4 Rb5 48. Rc7+ Kf8) 47. h5 c4 48. Rxc4 Ra5 49. Rd4 Ra3+ 50. Rd3 Ra1 51. Rd5 Ra3+ 52. Kf2 Ra2+ 53. Kg3 Re2 54. Rf5 Kg7 {[#]} 55. e5 $1 fxe5 (55... Rxe5 56. Rxe5) 56. Rxg5+ Kh7 57. Rf5 Kh6 58. Rf6+ Kg7 59. Ra6 (59. g5 $142 Re1 60. h6+ Kh7 61. Kg4) 59... Kh7 60. Ra4 Rb2 61. Re4 Rb5 62. g5 {[%cal Bg4g5,Bg5g6][%mdl 32]} Ra5 63. Kg4 Rb5 64. Ra4 {White mates.} Rc5 65. h6 Rc3 66. Ra7+ Kg8 67. g6 {Precision: White = 67%, Black = 21%.} 1-0

[Event "66th HUN-ch Women 2018"]
[Site "Budapest"]
[Date "2018.12.03"]
[Round "1"]
[White "Gal, Hanna Krisztina"]
[Black "Gaal, Zsoka"]
[Result "0-1"]
[WhiteElo "2189"]
[BlackElo "2020"]
[Annotator "TA"]
[PlyCount "50"]
[EventDate "2018.12.03"]
[EventType "tourn"]
[EventCountry "HUN"]
[SourceTitle "playchess.com"]
[Source "ChessBase"]
[SourceQuality "1"]

{[%evp 27,50,0,0,-13,-11,-27,-21,-80,-56,-62,0,0,0,0,0,-18,0,-6,9,-685,-692,-711,-711,-711,-711]} 1. e4 Nf6 2. e5 Nd5 3. d4 d6 4. Nf3 g6 5. Be2 Bg7 6. O-O O-O 7. c4 Nb6 8. exd6 cxd6 9. Be3 Bg4 10. Nc3 Nc6 11. b3 d5 12. c5 Nc8 13. Rc1 Bxf3 {B04: Alekhine's Defence: 4 Nf3} (13... e6 14. h3 Bxf3 15. Bxf3 N8e7 16. Nb5 Nf5 17. g4 a6 18. gxf5 axb5 19. fxe6 fxe6 20. Bg4 Qf6 21. Rc2 h5 22. Be2 Qh4 23. Rd2 Qxh3 {0-1 (32) Durarbayli,V (2501)-Miroshnichenko,E (2686) Baku 2010}) 14. Bxf3 e6 {LiveBook: 6 Games} 15. b4 a6 {The position is equal.} 16. Rb1 N8e7 {[%cal Bc8e7,Be7f5,Bf5d4,Bd4e2][%mdl 32]} 17. Na4 $146 (17. Qd2 $11 {remains equal.}) ({Predecessor:} 17. b5 axb5 18. Nxb5 Nf5 19. a4 Qf6 20. Qc2 Nfxd4 21. Nxd4 Nxd4 22. Bxd4 Qxd4 23. Rxb7 Qxa4 24. Qxa4 Rxa4 {½-½ (30) Goossens,H (2187)-Krebel,C (2033) Goch 2014}) 17... Nf5 $17 18. Nb6 Ncxd4 (18... Ra7 $15) 19. Bxd4 Nxd4 20. Nxa8 Qxa8 21. a4 Qd8 22. Be2 Qg5 23. Rc1 $2 {[%mdl 8192] [#]} (23. f4 $11 Qe7 24. a5) 23... Qxc1 $1 $19 {[%mdl 576] Deflection. Black is clearly winning.} 24. Qxc1 Nxe2+ 25. Kh1 Nxc1 0-1

[Event "66th HUN-ch Women 2018"]
[Site "Budapest"]
[Date "2018.12.03"]
[Round "1"]
[White "Juhasz, Barbara"]
[Black "Erdos, Boglarka"]
[Result "1-0"]
[WhiteElo "2176"]
[BlackElo "2137"]
[Annotator "TA"]
[PlyCount "133"]
[EventDate "2018.12.03"]
[EventType "tourn"]
[EventCountry "HUN"]
[SourceTitle "playchess.com"]
[Source "ChessBase"]
[SourceQuality "1"]

{[%evp 12,133,-13,-14,12,14,10,1,9,0,11,7,7,-23,-16,-22,-9,-77,-66,-73,-66,-58,-49,-65,-74,-83,-68,-55,-60,-119,-103,-113,-80,-230,0,0,35,21,83,82,91,76,91,90,74,48,146,152,147,-464,586,122,133,129,177,115,105,122,180,149,152,137,174,122,153,152,158,163,205,24,148,0,18,25,26,27,19,16,25,16,108,23,143,138,173,156,134,94,151,154,192,195,257,254,277,270,312,264,497,323,496,473,29990,29987,29986,29986,29990,1061,1643,891,29979,5708,29990,29991,29991,29991,29991,29992,29994,29995,29996,29997,29997,29998]} 1. e4 e5 2. Nc3 Nc6 3. Bc4 Nf6 4. d3 Na5 5. Qf3 c6 (5... Nxc4 6. dxc4 Bb4 7. Nge2 d6 8. h3 Be6 9. b3 Nd7 10. O-O Bxc3 11. Nxc3 O-O 12. Qg3 f5 13. Bg5 {½-½ (33) Caruana,F (2822)-Aronian,L (2767) chess.com INT 2018}) 6. a4 {C28: Vienna Game: 2...Nf6 3 Bc4 Nc6} Nxc4 7. dxc4 {LiveBook: 3 Games} Be7 8. Nge2 {The position is equal.} d6 9. b3 O-O 10. h3 Be6 11. Ba3 $146 ({Predecessor:} 11. O-O Qc7 12. Rd1 Rad8 13. Ng3 {1-0 (56) Banat,R (1759)-Rouffignac,M (1769) Saint Paul Trois Chateaux 2013}) 11... Qc7 12. g4 Rad8 13. O-O-O a6 14. Kb1 {[#]} (14. Kb2 $11) 14... b5 $1 $17 {[%mdl 576] Decoy} 15. cxb5 (15. axb5 axb5) 15... axb5 16. axb5 Qa5 17. Bb2 cxb5 18. g5 Ne8 19. h4 Ra8 20. Qd3 (20. Nd5 $15 Bxd5 21. exd5) 20... Nc7 21. f4 Bg4 22. f5 {[#]} (22. Nd5 $17 Nxd5 23. exd5) 22... b4 $2 (22... d5 $1 $19 {[%mdl 512] aiming for ...Ba3.} 23. exd5 (23. Nxd5 Nxd5) 23... Ba3) 23. Na4 $11 Nb5 24. Rhg1 Bh5 (24... Bxe2 $1 $11 25. Qxe2 Rfb8) 25. f6 $1 $16 {[%cal Rf6e7]} Bd8 26. fxg7 $1 Kxg7 27. Rdf1 Bxe2 28. Qxe2 Nc3+ (28... Bb6 $1 $14) 29. Bxc3 $1 bxc3 30. Rg3 $2 {[%mdl 8192]} (30. Qh5 Bb6 $16) (30. Qf3 $16 {and life is bright.}) 30... Bb6 $4 {[%mdl 8192]} (30... Qb4 $1 $19 {and life is good for Black.} 31. Rxc3 (31. Nxc3 $2 Qa3 $19) 31... Rxa4) 31. Rxc3 $2 (31. h5 $1 $18 {and the rest is easy.}) 31... Bd4 32. Rc4 $1 Qb5 33. Qd3 (33. Qf3 $18) 33... Rfb8 34. Kc1 (34. Qf3 $2 Qxc4 35. Qf6+ Kg8 $19) 34... Qd7 (34... d5 $16 35. exd5 Qxd5) 35. Rf5 (35. Rxd4 $6 exd4 36. Qxd4+ Kg8 $14) 35... Qa7 36. Rf6 Qa5 {( -> ...Qe1+)} 37. Qd2 (37. Qf1 $18 Be3+ 38. Kb2) 37... Qa7 38. Qe2 Be3+ 39. Kb1 Qa6 40. Rf1 $2 (40. Qd3 $18) 40... Qb5 (40... Bd4 $1 $11 {keeps the balance.} 41. Qd3 Qb7) 41. Qd3 (41. h5 $16 Bc5 42. h6+ (42. Qf3 $2 Qxc4 43. g6 fxg6 $19) 42... Kg8 43. g6 $1 {[%mdl 512]} hxg6 44. h7+ $1 {[%mdl 512]} Kg7 45. Nxc5 dxc5 46. Qf2 $1 {[%mdl 512]} (46. Qh2 f6 $11)) 41... Rxa4 42. Rxa4 Qxa4 43. Qxe3 $11 {[%mdl 4096] Endgame KQR-KQR} Qa3 44. Qc3 {And now Rxf7+! would win.} Ra8 45. Rd1 $36 {[%mdl 2048] White is pushing.} Qa2+ 46. Kc1 Qa3+ (46... Rc8 $1 $11 47. Qb2 (47. Qxc8 Qa1+ 48. Kd2 Qd4+ 49. Ke1 Qe3+ 50. Kf1 Qf3+ {[%mdl 64] Double Attack} 51. Ke1 Qe3+ 52. Kf1 Qf3+ {[%mdl 64] Double Attack} 53. Ke1 Qe3+ $11) 47... Qa7) 47. Kd2 $16 Qa6 48. Qd3 Qb6 49. Rf1 Ra7 ({Black should try} 49... Ra2) 50. h5 {[%cal Bh4h5,Bh5h6][%mdl 32]} Qb4+ 51. Ke2 Rc7 (51... Qc5 $142 52. Kf3 Ra2) 52. h6+ Kg8 53. Ra1 {Threatening mate with Ra8+.} Rc8 54. c4 Qb6 $2 (54... Qb7 {is a better defense.} 55. Qe3 Ra8 56. Rxa8+ Qxa8) 55. Qe3 Qb4 (55... Qxe3+ $142 56. Kxe3 Kf8) 56. Qf3 $18 {White wants to mate with Qf6.} d5 (56... Qb7 $18 57. Rd1 Qd7) 57. Qf6 {[%csl Gh6][%cal Rf6g7]} Qf8 58. exd5 Rb8 59. Rb1 (59. d6 $142 Rc8 60. d7 Rd8 61. Ra7 e4 62. Rc7 Ra8 63. Rc8 $1 {[%mdl 512]} Ra2+ 64. Ke3 Re2+ 65. Kxe2 Qxc8 66. dxc8=Q#) 59... Ra8 60. Rb2 Ra1 61. d6 (61. Rd2 $142 Ra7 62. d6 Rd7 63. Qxe5 f5 64. gxf6 Qc8 65. c5 Qa8 {[#]} 66. c6 $1 {[%mdl 512]}) 61... Rh1 62. Rd2 {White mates.} Rh2+ 63. Kd1 Rh1+ 64. Kc2 e4 65. d7 e3 66. d8=Q {[%csl Gh6][%cal Rf6g7]} Rc1+ 67. Kxc1 {Accuracy: White = 51%, Black = 33%.} 1-0

[Event "66th HUN-ch Women 2018"]
[Site "Budapest"]
[Date "2018.12.03"]
[Round "1"]
[White "Egyed, Judit"]
[Black "Lakos, Nikoletta"]
[Result "1/2-1/2"]
[WhiteElo "2045"]
[BlackElo "2243"]
[Annotator "TA"]
[PlyCount "61"]
[EventDate "2018.12.03"]
[EventType "tourn"]
[EventCountry "HUN"]
[SourceTitle "playchess.com"]
[Source "ChessBase"]
[SourceQuality "1"]

{[%evp 9,61,21,39,20,29,27,38,20,46,-29,12,0,30,11,15,18,18,18,32,14,26,0,0,0,11,0,13,12,13,20,19,18,22,13,13,13,15,8,8,9,11,0,0,2,27,27,33,0,0,0,0,0,5,2]} 1. e4 d6 2. d4 Nf6 {[%cal Bg8f6,Bf6d7,Bd7c5][%mdl 32]} 3. f3 e5 4. d5 Be7 5. Be3 Nfd7 {LiveBook: 4 Games} 6. c4 {B07: Pirc Defence: Miscellaneous Systems} a5 $146 ({Predecessor:} 6... Bg5 7. Bf2 h5 8. Nc3 h4 9. Bd3 a5 10. a3 Rh5 11. Nge2 c5 12. dxc6 bxc6 13. b4 axb4 14. axb4 Rxa1 15. Qxa1 Na6 16. Qa3 c5 17. bxc5 Ndxc5 18. Bc2 {1-0 (18) Svetushkin,D (2615)-Chomet,P (2342) Le Port Marly 2009}) 7. Bd3 Nc5 8. Bc2 {White is slightly better.} (8. Bxc5 $5 dxc5 9. Kf2 $11) 8... Bg5 9. Qd2 (9. Bf2 $14) 9... h6 10. Nc3 Nbd7 11. Nge2 Nb6 12. b3 Bxe3 13. Qxe3 Bd7 14. Ng3 Qg5 15. Qxg5 hxg5 16. h3 g6 17. Ke2 a4 18. Rhb1 axb3 19. axb3 Rxa1 20. Rxa1 Ke7 21. Nf1 Na6 22. Ne3 Ra8 23. Bb1 Nb4 24. Rxa8 Nxa8 25. Na2 Nxa2 26. Bxa2 $11 {KBN-KBN} b5 27. Bb1 bxc4 28. bxc4 Nb6 {The position is equal.} 29. Bc2 c5 30. Kd2 Kf8 31. Ke2 {Accuracy: White = 35%, Black = 47%.} 1/2-1/2

[Event "66th HUN-ch Women 2018"]
[Site "Budapest"]
[Date "2018.12.04"]
[Round "2"]
[White "Terbe, Julianna"]
[Black "Egyed, Judit"]
[Result "1-0"]
[WhiteElo "2272"]
[BlackElo "2045"]
[Annotator "ChessBase"]
[PlyCount "75"]
[EventDate "2018.12.03"]
[EventType "tourn"]
[EventCountry "HUN"]
[SourceTitle "playchess.com"]
[Source "ChessBase"]
[SourceQuality "1"]
[TimeControl "40/5400+30:1800+30"]

1. d4 {[%emt 0:00:04]} c5 {[%emt 0:00:09]} 2. d5 {[%emt 0:00:38]} g6 {[%emt 0:00:05]} 3. e4 {[%emt 0:00:15]} Bg7 {[%emt 0:00:18]} 4. c4 {[%emt 0:00:37]} d6 {[%emt 0:00:06]} 5. Nf3 {[%emt 0:00:13]} e6 {[%emt 0:00:19]} 6. Be2 {[%emt 0:00:53]} Ne7 {[%emt 0:00:11]} 7. O-O {[%emt 0:01:23]} O-O {[%emt 0:00:15]} 8. Nc3 {[%emt 0:00:19]} h6 {[%emt 0:00:14]} 9. h3 {[%emt 0:03:17]} exd5 {[%emt 0:00:10]} 10. cxd5 {[%emt 0:00:52]} f5 {[%emt 0:06:30]} 11. Nd2 {[%emt 0:20:47]} f4 {[%emt 0:12:26]} 12. Nc4 {[%emt 0:04:28]} a6 {[%emt 0:04:47]} 13. a4 {[%emt 0:00:15]} Rf6 {[%emt 0:18:21]} 14. a5 {[%emt 0:04:11]} Nd7 {[%emt 0:01:13]} 15. Na4 {[%emt 0:03:15]} Qf8 {[%emt 0:08:12]} 16. Bd2 {[%emt 0:07:52]} Ne5 {[%emt 0:10:49]} 17. Nxe5 {[%emt 0:01:56]} dxe5 {[%emt 0:00:06]} 18. Bc3 {[%emt 0:00:31]} Rd6 {[%emt 0:09:12]} 19. Nxc5 {[%emt 0:02:16]} Qf6 {[%emt 0:00:44]} 20. Nd3 {[%emt 0:03:49]} Qg5 {[%emt 0:00:33]} 21. Bg4 {[%emt 0:03:44]} h5 {[%emt 0:16:20]} 22. Bxc8 {[%emt 0:00:19]} Rxc8 {[%emt 0:00:19]} 23. Ne1 {[%emt 0:00:54]} Qh6 {[%emt 0:03:25]} 24. h4 {[%emt 0:07:38]} g5 {[%emt 0:03:49]} 25. hxg5 {[%emt 0:00:04]} Qxg5 {[%emt 0:00:07]} 26. Qf3 {[%emt 0:00:18]} Ng6 {[%emt 0:00:41]} 27. Qh3 {[%emt 0:00:30]} Qg4 {[%emt 0:01:26]} 28. f3 {[%emt 0:01:04]} Qxh3 {[%emt 0:00:05]} 29. gxh3 {[%emt 0:00:04]} Nh4 {[%emt 0:01:18]} 30. Ng2 {[%emt 0:06:52]} Rg6 {[%emt 0:00:38]} 31. Rf2 {[%emt 0:00:05]} Rg3 {[%emt 0:00:25]} 32. Raf1 {[%emt 0:00:58]} Bf8 {[%emt 0:01:19]} 33. Kh2 {[%emt 0:00:34]} Ng6 {[%emt 0:01:08]} 34. Re2 {[%emt 0:01:25]} Rxc3 {[%emt 0:00:42]} 35. bxc3 {[%emt 0:00:07]} Nh8 {[%emt 0:00:30]} 36. Nh4 {[%emt 0:00:48]} Kf7 {[%emt 0:00:31]} 37. Rb2 {[%emt 0:00:37]} Kf6 {[%emt 0:00:28]} 38. Rb6+ {[%emt 0:00:30]} 1-0

[Event "66th HUN-ch Women 2018"]
[Site "Budapest"]
[Date "2018.12.04"]
[Round "2"]
[White "Lakos, Nikoletta"]
[Black "Gal, Hanna Krisztina"]
[Result "1/2-1/2"]
[WhiteElo "2243"]
[BlackElo "2189"]
[Annotator "TA"]
[PlyCount "89"]
[EventDate "2018.12.03"]
[EventType "tourn"]
[EventCountry "HUN"]
[SourceTitle "playchess.com"]
[Source "ChessBase"]
[SourceQuality "1"]

{[%evp 24,89,-26,-27,-32,-43,-36,-98,-99,-95,-100,-97,-93,-86,-34,-36,-41,-83,-95,-129,-83,-188,-182,-188,-186,-172,-130,-192,-196,-235,-191,-202,-96,-96,-96,-96,-96,-96,-96,-96,-96,-96,-96,-96,-96,-141,-134,-134,0,0,0,-58,0,0,0,0,0,0,0,0,0,0,0,0,0,0,0,0]} 1. e4 c5 2. Nf3 e6 3. Nc3 a6 4. g3 b5 5. Bg2 Bb7 6. d4 cxd4 7. Nxd4 Nf6 8. O-O b4 9. Na4 Bxe4 {B43: Sicilian: Kan Variation: 5 Nc3} 10. Bxe4 Nxe4 11. Re1 Nc5 (11... d5 12. Qh5 Qf6 13. Be3 Nd7 14. f3 g6 15. Qg4 h5 16. Qh3 Nd6 17. Rad1 Be7 18. Nxe6 Qxe6 19. Qg2 Nf5 20. Bg5 Qc6 21. Bxe7 Nxe7 22. Qe2 O-O {0-1 (22) Jovanovic,Z (2534)-Andreikin,D (2737) Tallinn 2016}) 12. c3 Nxa4 13. Qxa4 {LiveBook: 6 Games} Be7 14. Bf4 $146 ({Predecessor:} 14. cxb4 Qb6 15. b5 O-O 16. Be3 Bc5 17. bxa6 Rxa6 {1-0 (46) Thesing,M (2404)-Fedorov,A (2609) Brasov 2011}) 14... O-O 15. Bxb8 (15. cxb4 $15 Qb6 16. Red1) 15... Rxb8 $17 16. Qxa6 bxc3 17. bxc3 Qc7 18. Qd3 d5 (18... Ra8 $17) 19. a4 $1 $15 Ra8 20. Nb5 Qa5 21. Reb1 Bf6 22. f4 (22. Nd4 $17) 22... Rfc8 $19 23. f5 Bxc3 24. fxe6 fxe6 25. Ra2 (25. Nxc3 $17 {is a better defense.} Rxc3 26. Qd4) 25... Bf6 26. Rf1 Rc4 27. Kg2 Rxa4 (27... Rb8 $19 {has better winning chances.} 28. Qa3 Rb4) 28. Rxa4 $17 Qxa4 29. Nc7 Rc8 30. Nxe6 Qc2+ 31. Qxc2 Rxc2+ 32. Rf2 {[#]} Rxf2+ $1 33. Kxf2 {[%mdl 4096] Endgame [#] KB-KN} Be5 $1 34. Nd8 Kf8 35. Nc6 Bf6 (35... Bc3 $17 36. Ke3 Kf7 37. Nd8+ Kf6) 36. Nb4 $1 $11 d4 37. Kf3 (37. Nd5 $11) 37... h5 ({Black should play} 37... Ke7 $1 $15) 38. Ke4 {The position is equal.} Kf7 39. h3 Ke6 40. Nc2 Kd6 (40... d3 {is interesting.} 41. Kxd3 Be5 42. g4 hxg4 43. hxg4 Kf6) 41. Nxd4 Bxd4 42. Kxd4 Ke6 43. Ke4 Kf6 44. Kf4 Kg6 45. h4 {Accuracy: White = 57%, Black = 69%.} 1/2-1/2

[Event "66th HUN-ch Women 2018"]
[Site "Budapest"]
[Date "2018.12.04"]
[Round "2"]
[White "Terbe, Zsuzsanna"]
[Black "Varga, Klara"]
[Result "1/2-1/2"]
[WhiteElo "2180"]
[BlackElo "2242"]
[Annotator "ChessBase"]
[PlyCount "61"]
[EventDate "2018.12.03"]
[EventType "tourn"]
[EventCountry "HUN"]
[SourceTitle "playchess.com"]
[Source "ChessBase"]
[SourceQuality "1"]
[TimeControl "40/5400+30:1800+30"]

1. Nf3 {[%emt 0:00:04]} d5 {[%emt 0:03:30]} 2. g3 {[%emt 0:00:11]} Nf6 {[%emt 0:00:12]} 3. Bg2 {[%emt 0:00:06]} c6 {[%emt 0:00:17]} 4. O-O {[%emt 0:00:08]} Bg4 {[%emt 0:00:04]} 5. h3 {[%emt 0:00:05]} Bxf3 {[%emt 0:00:18]} 6. Bxf3 {[%emt 0:00:07]} Nbd7 {[%emt 0:00:16]} 7. d3 {[%emt 0:00:54]} e5 {[%emt 0:00:37]} 8. e4 {[%emt 0:00:12]} dxe4 {[%emt 0:01:27]} 9. dxe4 {[%emt 0:00:06]} Bc5 {[%emt 0:00:20]} 10. Nd2 {[%emt 0:06:27]} O-O {[%emt 0:02:57]} 11. c3 {[%emt 0:01:38]} a5 {[%emt 0:00:13]} 12. a4 {[%emt 0:00:22]} Qe7 {[%emt 0:04:43]} 13. Qe2 {[%emt 0:12:21]} Rfd8 {[%emt 0:02:20]} 14. Nc4 {[%emt 0:05:00]} Qe6 {[%emt 0:03:02]} 15. Kg2 {[%emt 0:05:37]} Nb6 {[%emt 0:01:42]} 16. Nxb6 {[%emt 0:05:06]} Bxb6 {[%emt 0:02:35]} 17. Bg5 {[%emt 0:01:05]} Rd6 {[%emt 0:00:47]} 18. Rfd1 {[%emt 0:05:34]} Rad8 {[%emt 0:12:14]} 19. Rxd6 {[%emt 0:04:28]} Rxd6 {[%emt 0:00:48]} 20. Bxf6 {[%emt 0:02:35]} Qxf6 {[%emt 0:00:06]} 21. Rd1 {[%emt 0:00:07]} Qd8 {[%emt 0:00:48]} 22. Rxd6 {[%emt 0:00:50]} Qxd6 {[%emt 0:00:02]} 23. Qd1 {[%emt 0:00:09]} Qc5 {[%emt 0:00:09]} 24. Qd2 {[%emt 0:00:37]} g6 {[%emt 0:01:18]} 25. Bd1 {[%emt 0:05:57]} Qc4 {[%emt 0:01:31]} 26. Bc2 {[%emt 0:00:13]} Kg7 {[%emt 0:00:33]} 27. b3 {[%emt 0:01:18]} Qe6 {[%emt 0:01:12]} 28. Qd3 {[%emt 0:01:55]} Bc5 {[%emt 0:01:29]} 29. Bd1 {[%emt 0:01:38]} h5 {[%emt 0:02:02]} 30. h4 {[%emt 0:00:16]} Qf6 {[%emt 0:01:17]} 31. Bf3 {[%emt 0:02:38]} 1/2-1/2